000 00294nam a22001337a 4500
008 180927b xxu||||| |||| 00| 0 eng d
020 _a9781416068365
041 _aeng
080 _a610
100 _a4
101 _aSHM
245 _aStep-by-step Medical Coding
_cBuck,C.J
942 _2udc
_cBK
999 _c48593
_d48593